000 00575nam a2200229 4500
001 1812359
005 20180129092150.0
008 700617s1970 njua b 001 0 eng
010 _a 79110489
020 _a0137008317
040 _aDLC
_cDLC
_dDLC
041 _aeng
080 _a001.424
082 0 0 _a001.424 BAR
100 1 _a30
101 _aSHKI
245 1 2 _aA primer on simulation and gaming
_c[by] Richard F. Barton.
350 _a8.95
504 _aBibliography: p. 226-234.
906 _a7
_bcbc
_corignew
_du
_encip
_f19
_gy-gencatlg
942 _2ddc
_cBK
999 _c41196
_d41196